000 00898nas a2200277 4500
001 BR2013007207
003 BR-BrBNA
005 20231205122937.0
007 ta
008 230509b bl.|||p| |||| 00| 00por d
040 _aBR-BrBNA
_bpor
_cBiblioteca Nacional de Agricultura
041 _a(En)
072 _aQ04; Q02; J11
100 1 _aSantana, L.R.R. de
100 1 _aBenedetti, B.C.
100 1 _aSigrist, J.M.M.
245 1 _aSensory profile of 'Douradão' peaches cold stored under controlled atmosphere
650 _aPRUNUS PERSICA
650 _aPÊSSEGO
650 _aARMAZENAMENTO DE ALIMENTO
650 _aREFRIGERAÇÃO
773 0 _tCiência e Tecnologia de Alimentos (Brazil)
_xISSN 1678-457X
_g(Jan-Mar 2011), v. 31(1) p. 238-246
_wBR2013007207
856 4 0 _uhttp://www.scielo.br/pdf/cta/v31n1/37.pdf
909 _a202311
_bLúcia
_c55
_dLúcia Elande
942 _2AGRIS
_n0
_cANA
999 _c231388
_d231388